Am I my parents' keeper? : an essay on justice between the young and the old /

Bibliographic Details
Main Author: Daniels, Norman, 1942-
Format: Book
Language:English
Published: New York : Oxford University Press, 1988.
Subjects:

MARC

Tag First Indicator Second Indicator Subfields
LEADER 00000cam a2200000 a 4500
001 in00000016431
005 20151007052754.0
008 870422s1988 nyu b 00110 eng
010 |a  87012235  
020 |a 0195052331 (alk. paper) :  |c $17.95 
035 |a (OCoLC)15661466 
035 |9 AAA9120AM 
040 |a DLC  |c DLC  |d TXA  |d UtOrBLW 
049 |a TXAM  |c [A11465024] 
050 0 0 |a JC578  |b .D36 1988 
082 0 |a 362.6/042/01  |2 19 
100 1 |a Daniels, Norman,  |d 1942- 
245 1 0 |a Am I my parents' keeper? :  |b an essay on justice between the young and the old /  |c Norman Daniels. 
264 1 |a New York :  |b Oxford University Press,  |c 1988. 
300 |a x, 194 pages ;  |c 22 cm. 
336 |a text  |b txt  |2 rdacontent 
337 |a unmediated  |b n  |2 rdamedia 
338 |a volume  |b nc  |2 rdacarrier 
504 |a Bibliography: pages 177-184. 
500 |a Includes index. 
650 0 |a Distributive justice. 
650 0 |a Intergenerational relations. 
999 |a MARS 
999 f f |s 16d4d064-7e90-3db9-958b-50bc2fcc8d4b  |i 61f6509b-4c4b-3d8b-9b56-954d32ef5248  |t 0 
952 f f |p ric  |a Texas A&M University  |b Rellis Campus  |c Joint Library Facility  |d Remote Storage  |t 0  |e JC578 .D36 1988  |h Library of Congress classification  |i unmediated -- volume  |m A14811465024 
998 f f |a JC578 .D36 1988  |t 0  |l Remote Storage